France ou Luxembourg ? (-ange) - Statistiques

Statistiques générales
  • Ce quiz a été pris 34 fois
    25 depuis la dernière actualisation
  • Le résultat moyen est 29 sur 48
Statistiques - réponses
Hint Réponse % Correct
Algrange France
86%
Puttelange-aux-Lacs France
86%
Fénétrange France
82%
Évrange France
82%
Florange France
82%
Boulange France
82%
Créhange France
77%
Ottange France
77%
Œutrange France
77%
Entrange France
73%
Leudelange Luxembourg
73%
Havange France
68%
Gandrange France
68%
Tressange France
68%
Brulange France
68%
Éblange France
68%
Dudelange Luxembourg
68%
Schifflange Luxembourg
68%
Azoudange France
64%
Vallerange France
64%
Hermelange France
64%
Videlange France
64%
Guinglange France
64%
Neufgrange France
64%
Bereldange Luxembourg
64%
Xouaxange France
59%
Wincrange Luxembourg
59%
Differdange Luxembourg
59%
Zommange France
55%
Flétrange France
55%
Tétange Luxembourg
55%
Pétange Luxembourg
55%
Hesperange Luxembourg
55%
Bivange Luxembourg
55%
Peppange Luxembourg
55%
Bellange France
50%
Frisange Luxembourg
50%
Rumelange Luxembourg
50%
Useldange Luxembourg
50%
Lallange Luxembourg
50%
Cessange Luxembourg
50%
Huttange Luxembourg
45%
Livange Luxembourg
45%
Oetrange Luxembourg
45%
Trintange Luxembourg
41%
Gondelange Luxembourg
41%
Elvange Luxembourg
27%
Ellange Luxembourg
27%
Aucun quiz correspondant
Distribution des résultats
% des personnes avec chaque résultat
Percentile par nombre de réponses
Votre historique - résultats
Vous n’avez pas pris ce quiz depuis la dernière actualisation